Countries with the highest population density - Statistics

General Stats
  • This quiz has been taken 28 times
  • The average score is 8 of 15
Answer Stats
Population per square km Country: % Correct
19,564.4 Monaco
92%
2,272.7 Vatican
84%
1,126.5 Bangladesh
80%
555.8 San Marino
80%
7,584.9 Singapore
72%
1,615.2 Malta
68%
2,247.2 Bahrain
64%
655.4 Taiwan
64%
515.7 South Korea
56%
1,812.1 Maldives
52%
669.1 Barbados
32%
647.8 Lebanon
32%
6,678.5 Hong Kong
20%
620.6 Mauritius
20%
21,657.6 Macao
12%
No matching quizzes found
Score Distribution
Percent of People with Each Score
Percentile by Number Answered
Your Score History
You have not taken this quiz